000
00318nam a22001577a 4500
003
SGT
020
_a
9789355429827
082
_a
005.7
_b
WIC
100
_a
WICKHAM HADLEY
245
_a
R FOR DATA SCIENCE
250
_a
2ND
260
_a
INDIA
_b
SPD
_c
2023
300
_a
550
650
_a
SCIENCE
942
_2
ddc
_c
BK
_0
6
999
_c
25228
_d
25228